00487nam a2200133Ia 4500008004100000100002300041245005900064260002500123300002000148650001500168856007800183999001900261952007300280160712s9999 xx 000 0 und d aGarcia, J. Neil C. cJ. Neil C. GarciaaThe Literary Practice of Complexity c2013bDiliman Review avol. 60 no. 1-4 xCOMPLEXITY uhttp://journals.upd.edu.ph/index.php/dilimanreview/issue/view/515/showToc c297264d297264 001040aCLbCLd2016-07-12l0r2016-07-12 00:00:00w2016-07-12yFEJ